マインスイーパ - Statistics

General Stats
  • This quiz has been taken 1,105 times
  • The average score is 22 of 80
Answers on the Grid
Answers color-coded by a green-red scale on the quiz's grid according to % correct below.
1
2
1
1
0
0
2
0
1
0
1
2
1
2
1
0
1
2
3
1
1
2
2
2
2
2
2
3
2
1
1
2
1
0
0
1
2
2
2
1
0
1
2
2
2
0
1
3
3
3
1
2
2
3
1
1
3
1
2
1
2
2
3
2
1
1
1
2
0
1
0
1
2
2
1
0
1
0
1
0
1
2
2
2
1
1
0
2
2
1
2
2
2
1
2
0
1
1
1
1
 
Answer Stats
Answer % Correct
0
58%
1
53%
1
52%
2
51%
2
51%
1
50%
1
49%
2
46%
1
45%
2
45%
0
44%
1
44%
1
44%
1
41%
1
35%
2
33%
1
32%
1
32%
1
32%
2
32%
2
32%
2
31%
3
31%
1
30%
1
30%
1
30%
1
30%
1
30%
1
30%
1
30%
2
30%
2
30%
2
30%
2
30%
1
29%
1
29%
1
29%
1
29%
1
29%
1
29%
2
29%
2
29%
2
29%
1
28%
1
28%
2
28%
2
28%
2
28%
2
28%
1
27%
2
27%
2
27%
3
27%
0
25%
2
25%
0
24%
3
24%
0
23%
0
21%
0
20%
0
20%
0
20%
1
16%
2
15%
2
13%
0
12%
1
11%
2
11%
1
10%
2
10%
2
10%
2
10%
1
9%
2
9%
3
8%
3
8%
2
7%
2
5%
3
5%
3
4%
No matching quizzes found
Score Distribution
Percent of People with Each Score
Percentile by Number Answered
Your Score History
You have not taken this quiz